000 00622nam a2200229Ia 4500
005 20250326144348.0
008 250326s9999 xx 000 0 und d
020 _a978-81-261-3552-3
037 _aTextbook
040 _aFMSL
_beng
_cFMSL
041 _aeng
_2eng
084 _aX:74.1 P8
_qFMSL
100 _aBhalla V K
245 0 _aInternational business : environment and management
_cBhalla V K; Shivaramu S
250 _a11
260 _aNew Delhi
_bNew Delhi, Anmol
_c2008
300 _a904p
365 _b2250
650 _aManagement
942 _cTB
_hX:74.1 P8
999 _c1303433
_d1303433